00465 2200169 4500001002100000008004100021035002000062245003900082100001600121260004700137300002800184020002200212084001400234082000800248650002600256990001300282INLIS000000000001025 ind  a0010-0120001025 aKetika Mas Gagah PergicAsma Nadia aNadia, Asma aDepok :bAsmanadia Publishing House,c2011 axiv, 258 hlm.c20,5 cm. a978-602-96725-3-4 a813 NAD k a813 aFiksi Remaja -- Novel a11900539